A History of Socialism / (Record no. 38520)
[ view plain ]
| 000 -LEADER | |
|---|---|
| fixed length control field | 00799nam a22001937a 4500 |
| 003 - CONTROL NUMBER IDENTIFIER | |
| control field | CUTN |
| 005 - DATE AND TIME OF LATEST TRANSACTION | |
| control field | 20230503130955.0 |
| 008 - FIXED-LENGTH DATA ELEMENTS--GENERAL INFORMATION | |
| fixed length control field | 230503b |||||||| |||| 00| 0 eng d |
| 020 ## - INTERNATIONAL STANDARD BOOK NUMBER | |
| International Standard Book Number | 9789391270414 |
| 041 ## - LANGUAGE CODE | |
| Language | English |
| 082 ## - DEWEY DECIMAL CLASSIFICATION NUMBER | |
| Edition number | 22 |
| Classification number | 320.53109 |
| Item number | KIR |
| 100 ## - MAIN ENTRY--PERSONAL NAME | |
| Personal name | Kirkup, Thomas, |
| 245 ## - TITLE STATEMENT | |
| Title | A History of Socialism / |
| Statement of responsibility, etc | Thomas Kirkup. |
| 260 ## - PUBLICATION, DISTRIBUTION, ETC. (IMPRINT) | |
| Place of publication, distribution, etc | Chennai : |
| Name of publisher, distributor, etc | Maven Books, |
| Date of publication, distribution, etc | 2022. |
| 300 ## - PHYSICAL DESCRIPTION | |
| Extent | viii, 490 p. : |
| 505 ## - FORMATTED CONTENTS NOTE | |
| Contents | Chapters |
| Title | 1. Inroduction. |
| -- | 2. Early French Socialism. |
| -- | 3. French Socialism of 1848. |
| -- | 4. Early English Socialism. |
| -- | 5. Ferdinand Lassalle. |
| -- | 6. Rodbertus. |
| -- | 7. Karl Marx. |
| -- | 8. The International. |
| -- | 9. The German Social Dmocracy. |
| -- | 10. Revolution In Russia. |
| -- | 11. Anarchism and syndicalism. |
| -- | 12.The Progress of /socialism Abroad. |
| 690 ## - LOCAL SUBJECT ADDED ENTRY--TOPICAL TERM (OCLC, RLIN) | |
| Department Name | History |
| 942 ## - ADDED ENTRY ELEMENTS (KOHA) | |
| Source of classification or shelving scheme | Dewey Decimal Classification |
| Koha item type | General Books |
| Withdrawn status | Lost status | Source of classification or shelving scheme | Damaged status | Not for loan | Home library | Location | Shelving location | Date of Cataloging | Total Checkouts | Full call number | Barcode | Date last seen | Price effective from | Koha item type |
|---|---|---|---|---|---|---|---|---|---|---|---|---|---|---|
| Dewey Decimal Classification | CUTN Central Library | CUTN Central Library | Social Sciences | 03/05/2023 | 320.53109 KIR | 46177 | 03/05/2023 | 03/05/2023 | General Books |
